[Event "Tata Steel-A 76th"]
[Site "Wijk aan Zee"]
[Date "2014.01.19"]
[Round "7"]
[White "Nakamura, Hikaru"]
[Black "Van Wely, Loek"]
[Result "0-1"]
[WhiteElo "2789"]
[BlackElo "2672"]
[Annotator "Van Wely,L"]
[PlyCount "104"]
[EventDate "2014.01.11"]
[EventType "tourn"]
[EventRounds "11"]
[EventCountry "NED"]
[EventCategory "20"]
[SourceTitle "CBM 159"]
[Source "ChessBase"]
[SourceDate "2014.03.17"]
[SourceVersion "1"]
[SourceVersionDate "2014.03.17"]
[SourceQuality "1"]

1. e4 c5 2. Nf3 e6 3. d4 cxd4 4. Nxd4 Nc6 5. Nc3 d6 6. g4 Nge7 (6... a6 {
may have been more accurate, to hold back the knight on g8. However, after
winning the game, I don't want to whine too much :)}) 7. Nb3 a6 8. h4 b5 9. Bg2
Bb7 10. g5 {This move I don't like. If your plan is to push your pawns first,
then} (10. h5 {makes much more sense, at least it prevents any knight
re-routing such as Ng6-e5-c5 or Ng6-h4, also it stops any h6/h5 plans, like in
the game, or even g6, which was an option also in the game.}) 10... Rc8 11. Qe2
h5 {I played this ambitious move after a long think. I just want to fianchetto
my bishop on g7, without being harassed by any h5-h6. However it does cost
time, and Hikaru seeks immediate counterplay on the queenside} ({Other options,
and possibbly better would have been: a)} 11... Na5 $1 12. Rh3 {and here Black
has many options} (12. h5 $6 b4 13. Nd1 d5) (12. O-O $6 h6 $1 {showing one
clear drawback of g5, Black is taking over on the kingside, that was not
White's idea of pushing his pawns...}) 12... b4 {(the most direct, attacking
the centre)} (12... h6 {(attacking the kingside!)}) (12... Nc4 {(putting the
knight on the best square)}) (12... h5 {(closing the kingside!)}) 13. Nd1 d5
14. Rd3 Nc4 {with some complications, although Black looks very good}) ({b)} 
11... g6 12. h5 Bg7 13. h6 (13. Bd2 O-O {maybe this looks scary, and maybe it
is, however if white wants something here, he needs to castle queenside anyway.
But I believe I should be faster. I did have something similar recently versus
Nigel Short. Needless to say: I got mated :)}) {I wasn't too excited to give
my bishop to cripple White's pawn structure: dark squares might be more
important} 13... Bxc3+ ({and} 13... Bd4 {looked to artificial to me, and when
is looks like that, normally it will finsih badly....}) 14. bxc3 Ne5) 12. a4 b4
13. Na2 g6 (13... d5 {required some calculation, so that was not an option :)}
14. Bd2 Ng6 15. exd5 Na5 16. Nxa5 Bxd5 {is a computer line for example}) ({
after} 13... Ng6 {I was worried what to do with my knight on g6 after} 14. f4
Na5 {but then it's also not very clear what white is going to do, since the
knight is quite annoyingly pressing on f4 and h4, and ready to move to e5 if
White decides to chase it away with f5.}) 14. Bf4 Bg7 15. Rd1 Ne5 16. Nxb4 Nc4
17. Nd3 Qb6 18. O-O O-O {Time to take stock after the opening:  On one hand I
wasn't too happy, simply because I felt I should have got more out of the
opening.  On the other hand, I am still not in mate, nor there will be mate in
the near future :) Although a pawn down, I do have some initiative. That
itself is not so important, more important is that Hikaru doesn't have the
initiative! Something similar goes for Magnus, he may be a very technical
player, however when he is a pawn down in a rook endgame, which he experienced
a few times 2013, the world is suddenly quite different (and very very hard !)}
19. Nd2 Rfd8 (19... a5 {to bring the bishop to a6 would have made sense, but
so does the move played in the game. Black is preparing some ...d5 at the
right time.}) 20. Nxc4 Rxc4 21. Ne5 $5 {Trying to change the nature of the
game, in general not a bad decision if you didn't like the type of position
you were facing.} ({After the game Hikaru condemned the move he played in the
game and thought he should have played} 21. b3 {however after} Rc3 22. Nb2 d5 {
we reach the critical position. My intuition, for what's it worth, told me
Black should be doing fine. Indeed it's now up to White to show something,
otherwise he will get crushed. During the game I didn't spend too much energy
on trying to find moves for my opponent... it was better to watch closely the
games of Naiditsch, Rapport and Gelfand :)} 23. a5 $1 {seems like the only
move accoring to my beast} Qb5 $1 (23... Qxa5 24. Bd2 Rdc8 25. Bxc3 Qxc3 26.
Na4 Qc7 {Black has some compensation, but it may not be enough}) 24. Qxb5 axb5
{and now that White's knight on b2 looks stupid, I believe in Black's chances;}
{However my silicon friend naturally disagrees and shows some small tactics to
support his case} 25. Nd3 $1 dxe4 (25... Rxc2 26. a6 $1 Ba8 27. Nb4 Rc3 28.
exd5 Nxd5 29. Nxd5 exd5 30. a7) 26. a6 Bxa6 (26... Ba8 27. Nc5 $1 Nd5 28. Nxe4
Rxc2 29. a7) 27. Nb4 Rxd1 28. Rxd1 Bb7 29. Rd8+ Bf8 30. Rb8 Bd5 31. Bf1 {
and it's White who is calling the shots here.}) 21... dxe5 22. Be3 (22. Qxc4 $6
Rxd1 (22... exf4 $4 23. a5 $1 {winning a tempo for deflecting the queen} Qxa5
24. b4 Qb6 25. Qc5 Qxc5 26. Rxd8+) 23. Rxd1 exf4 24. Rd7 Nc6 25. Qb3 $1 {
but after} Qa5 {Black has at least a draw} 26. Qxb7 Qe1+ 27. Bf1 Ne5 {and when
your opponent has at least a draw, it means you can still lose!} (27... Bd4 28.
Qc8+ Kg7 29. Rxf7+ Kxf7 30. Qd7+ $11)) 22... Rcd4 23. c3 Bc6 ({My original
intention was to play} 23... a5 {but then got a bit worried that after} 24.
cxd4 exd4 25. Qb5 Qa7 26. Bf4 (26. Bxd4 Bxd4 27. Rxd4 Rxd4 28. Qe8+ Kg7 29.
Qxe7 Qb6) 26... e5 27. Bg3 Ba6 28. Qxa5 Nc6 29. Qd2 Bxf1 30. Bxf1 Qxa4 31. Rc1
{a white bishop might land on c4, and thats something I was definetly not
going to like!}) 24. b3 $4 {A double question mark, not because the move is
THAT bad, although for sure it's bad, but because it's simply incrompehensible
move. Hikaru must have missed something about which I can only speculate} (24.
Qc2 $1 Rc8 (24... Qb8 25. cxd4 exd4 26. Bd2 Rc8 27. b4 $1 (27. Qc5 Nf5 $1 28.
Qa3 Nxh4 $36) 27... Bb5 28. Qb3 Bxf1 29. Bxf1 $14) 25. cxd4 exd4 26. Bf4 Bd7
$44) 24... Qxb3 25. cxd4 exd4 26. Bf4 (26. Qxa6 Ra8) 26... Qxa4 (26... d3 $142)
27. Qf3 Bb5 28. Ra1 Qb4 29. Rfd1 (29. Rfb1 Qc3) 29... d3 30. Rab1 Qa3 31. Bf1
Nc6 32. Qg3 Qa2 33. Rbc1 d2 $1 {Clearly White is in serious trouble, but I was
getting short of time. Now the question is: should I be trying to consolidate
or trying to calculate some lines till the end? I am not sure it was the most
the practical decision, but no guts no glory :)} 34. Rxd2 Rxd2 35. Bxb5 axb5
36. Bxd2 Nd4 37. Rc8+ Kh7 38. Qc7 {I know Hikaru as a very resilient and
resourceful player, that's why he has saved a few lost positions, and not only
against me. But this one I had seen coming!} ({One of points was} 38. Qd3 Qxd2
39. Qxd2 Nf3+) 38... Qb1+ $1 {Ignoring the bishop and eyeing up White's lonely
king!} (38... Qxd2 $2 39. Qxf7 {and Black is forced to give a perpetual.}) 39.
Bc1 (39. Kh2 Be5+ {was another point} 40. Qxe5 Nf3+) 39... Nf3+ 40. Kg2 (40.
Kf1 Qd3+ 41. Kg2 Nxh4+) 40... Nxh4+ 41. Kh3 Qxe4 42. Qf4 Qh1+ 43. Qh2 Qb7 $1
44. Rd8 (44. Rc7 Qf3+ 45. Qg3 Qh1+ 46. Qh2 Qxh2+ 47. Kxh2 Be5+) (44. Rc5 Bd4 $1
{and White's rook is running out of squares on the c-file:} 45. Rc2 Qf3+ 46.
Qg3 Qf5+) 44... Be5 $1 45. f4 (45. Qxe5 Qg2+ 46. Kxh4 Qg4#) 45... Qf3+ 46. Qg3
Qh1+ 47. Qh2 Qf3+ 48. Qg3 Qh1+ 49. Qh2 Qxc1 50. fxe5 (50. Kxh4 Bxf4 51. Qg2
Bxg5+ 52. Qxg5 Qh1+ 53. Kg3 Qg1+ 54. Kf4 (54. Kh4 Qh2#) 54... Qc1+) 50... Qxg5
51. Qf4 $1 {An ultimate attempt to trick me!} Qxd8 ({There would have been a
more beautiful line but the rook was juicy too, don't you worry:} 51... Qg2+
52. Kxh4 g5+ 53. Qxg5 Qh2#) (51... Qxf4 52. Rh8+ Kg7 53. Rg8+ Kh6 54. Rh8+ Kg5
55. Rxh5+ $11) 52. Qxf7+ Kh6 0-1